000 00412nam a22001577a 4500
003 macl
005 20240813121335.0
008 181031b xxu||||| |||| 00| 0 eng d
040 _cMACL
082 _a001
100 _aManohar Pandey
_917263
245 _aObjective General Knowlegde Chapterwise 2750+ Collecton of Questions
260 _aNew Delhi
_bArihant
_c2018
650 _aG.K.
_973123
942 _2ddc
_cBK
999 _c58514
_d58514